Devine le film grâce à la critique Letterboxd - Statistiques

Statistiques générales
  • Ce quiz a été pris 51 fois
  • Le résultat moyen est 4 sur 17
Statistiques - réponses
Review Année du film % Correct
"Je pensais pourtant que le Diable portait des claquettes chaussettes" 2006 Le diable s'habille en Prada
78%
"Jiminy Cricket c'est juste un prédateur enfaite" 1940 Pinocchio
59%
"J'aime voir des n*zis mourir" 2009 Inglourious Basterds
51%
"Rien konpri" 2014 Interstellar
46%
"Je vais même pas faire de blagues sur Freeze Corleone" 1972 Le Parrain
39%
"Mais comment ça peut être une série de livres à succès avec un scénario ChatGPT" 2025 La femme de ménage
37%
"Pendant que je me bave dessus quand on me demande la racine carré de 4" 1997 Good Will Hunting
24%
"GG les travaux les gars mais là ce qui m'importe c'est est ce que Captain America a vu Wicked?" 2012 Les Avengers
24%
"Le vrai mystère c'est qui a collé cette perruque sur Daniel Craig" 2025 Wake up Dead Men
24%
"Et le mec du Chronopot là il s'est pas dit hm bizarre c'est lourd?" 1995 Seven
20%
"Fraude l'URSSAF Shinchi" 2019 Parasite
12%
" Incompétent alors qu'i est plus utile que Verisure" 1990 Maman j'ai raté l'avion
7%
"L'un des meilleurs films de super héros et je ne suis pas ouvert au débat" 2004 Les indestructibles
5%
"C'est bien dans ce film la seule police raciste c'est la nôt" 2025 Insaisissables 3
0%
"Wikihow : comment taire les hommes avec autant de classes et de style qu'elles" 2016 Les figures de l'ombre
0%
"Et vous avez goûté CE cacao?" 1998 The Truman Show
0%
"Jcrois ça l'a mis colère colère d'apprendre qu'il est adopté" 2011 Thor
0%
Aucun quiz correspondant
Distribution des résultats
% des personnes avec chaque résultat
Percentile par nombre de réponses
Votre historique - résultats
Vous n’avez pas pris ce quiz